00453 2200157 4500001002100000005001700021035002400038084002000062090002000082245009300102260003500195300002100230650002200251850001200273990001000285YOGYA00000000004499120161124132824.0 0010-081400000044709 aDEP 297.2 Ami B aDEP 297.2 Ami B aBidang studi aqidah dan akhlak untuk madrasah ibtidaiyah jilid IIIcAmir, Ustadz Dja'far aYogyakartabKota Kembangc1978 a39 hlm ,c23 cm. aAqidah dan akhlak aYOPDYOG a783-d